000
00291nam a2200121Ia 4500
008
190216s9999||||xx |||||||||||||| ||und||
100
_a
Sankaranarayanan S R And Chopra Kl
245
0
_a
Mechanics
260
_b
Sulthan Chand&Sons
_c
1982
300
_a
436p
650
_a
Physics
942
_c
BK
999
_c
33018
_d
33018